<?xml version="1.0" encoding="UTF-8"?>
<record
    xmlns:xsi="http://www.w3.org/2001/XMLSchema-instance"
    xsi:schemaLocation="http://www.loc.gov/MARC21/slim http://www.loc.gov/standards/marcxml/schema/MARC21slim.xsd"
    xmlns="http://www.loc.gov/MARC21/slim">

  <leader>00360nam a22001217a 4500</leader>
  <datafield tag="020" ind1=" " ind2=" ">
    <subfield code="a">9789698535643</subfield>
  </datafield>
  <datafield tag="100" ind1=" " ind2=" ">
    <subfield code="a">Ali Shah</subfield>
  </datafield>
  <datafield tag="245" ind1=" " ind2=" ">
    <subfield code="a">Pakistan in the contemporary international system </subfield>
    <subfield code="c">Ali Shah</subfield>
  </datafield>
  <datafield tag="260" ind1=" " ind2=" ">
    <subfield code="a">Islamabad</subfield>
    <subfield code="b">NUST Institute of Policy Studies</subfield>
    <subfield code="c">2020</subfield>
  </datafield>
  <datafield tag="300" ind1=" " ind2=" ">
    <subfield code="a">216p</subfield>
  </datafield>
  <datafield tag="942" ind1=" " ind2=" ">
    <subfield code="2">ddc</subfield>
    <subfield code="c">BK</subfield>
  </datafield>
  <datafield tag="999" ind1=" " ind2=" ">
    <subfield code="c">541240</subfield>
    <subfield code="d">541240</subfield>
  </datafield>
  <datafield tag="952" ind1=" " ind2=" ">
    <subfield code="0">0</subfield>
    <subfield code="1">0</subfield>
    <subfield code="2">ddc</subfield>
    <subfield code="4">0</subfield>
    <subfield code="6">327_549100000000000_SHA</subfield>
    <subfield code="7">0</subfield>
    <subfield code="9">501452</subfield>
    <subfield code="a">CL</subfield>
    <subfield code="b">CL</subfield>
    <subfield code="d">2021-01-27</subfield>
    <subfield code="e">Donation</subfield>
    <subfield code="l">1</subfield>
    <subfield code="o">327.5491 SHA</subfield>
    <subfield code="p">CL-D-1043</subfield>
    <subfield code="r">2022-06-30</subfield>
    <subfield code="s">2022-06-07</subfield>
    <subfield code="w">2021-01-27</subfield>
    <subfield code="y">BK</subfield>
  </datafield>
  <datafield tag="952" ind1=" " ind2=" ">
    <subfield code="0">0</subfield>
    <subfield code="1">0</subfield>
    <subfield code="2">ddc</subfield>
    <subfield code="4">0</subfield>
    <subfield code="6">327_549100000000000_SHA</subfield>
    <subfield code="7">0</subfield>
    <subfield code="9">501453</subfield>
    <subfield code="a">NLS</subfield>
    <subfield code="b">NLS</subfield>
    <subfield code="d">2021-01-27</subfield>
    <subfield code="e">Donation</subfield>
    <subfield code="o">327.5491 SHA</subfield>
    <subfield code="p">CL-D-1044</subfield>
    <subfield code="r">2021-01-27</subfield>
    <subfield code="w">2021-01-27</subfield>
    <subfield code="y">BK</subfield>
  </datafield>
  <datafield tag="952" ind1=" " ind2=" ">
    <subfield code="0">0</subfield>
    <subfield code="1">0</subfield>
    <subfield code="2">ddc</subfield>
    <subfield code="3">Donated by Pro Rector Acad</subfield>
    <subfield code="4">0</subfield>
    <subfield code="6">327_549100000000000_SHA</subfield>
    <subfield code="7">0</subfield>
    <subfield code="9">546601</subfield>
    <subfield code="a">NLS</subfield>
    <subfield code="b">NLS</subfield>
    <subfield code="d">2021-05-05</subfield>
    <subfield code="e">Donation</subfield>
    <subfield code="m">1</subfield>
    <subfield code="o">327.5491 SHA</subfield>
    <subfield code="p">CL-D-1067</subfield>
    <subfield code="r">2022-03-18</subfield>
    <subfield code="w">2021-05-05</subfield>
    <subfield code="y">BK</subfield>
  </datafield>
  <datafield tag="952" ind1=" " ind2=" ">
    <subfield code="0">0</subfield>
    <subfield code="1">0</subfield>
    <subfield code="2">ddc</subfield>
    <subfield code="4">0</subfield>
    <subfield code="6">327_549100000000000_SHA</subfield>
    <subfield code="7">0</subfield>
    <subfield code="9">580244</subfield>
    <subfield code="a">CL</subfield>
    <subfield code="b">CL</subfield>
    <subfield code="d">2022-05-12</subfield>
    <subfield code="e">Donated by NIPS Publication </subfield>
    <subfield code="l">0</subfield>
    <subfield code="m">3</subfield>
    <subfield code="o">327.5491 SHA</subfield>
    <subfield code="p">CL-D-1787</subfield>
    <subfield code="r">2022-11-01</subfield>
    <subfield code="w">2022-05-12</subfield>
    <subfield code="y">BK</subfield>
  </datafield>
  <datafield tag="952" ind1=" " ind2=" ">
    <subfield code="0">0</subfield>
    <subfield code="1">0</subfield>
    <subfield code="2">ddc</subfield>
    <subfield code="4">0</subfield>
    <subfield code="6">327_549100000000000_SHA</subfield>
    <subfield code="7">0</subfield>
    <subfield code="9">580245</subfield>
    <subfield code="a">CL</subfield>
    <subfield code="b">CL</subfield>
    <subfield code="d">2022-05-12</subfield>
    <subfield code="e">Donated by NIPS Publication </subfield>
    <subfield code="l">2</subfield>
    <subfield code="o">327.5491 SHA</subfield>
    <subfield code="p">CL-D-1788</subfield>
    <subfield code="r">2025-05-19</subfield>
    <subfield code="s">2024-09-14</subfield>
    <subfield code="w">2022-05-12</subfield>
    <subfield code="y">BK</subfield>
  </datafield>
  <datafield tag="952" ind1=" " ind2=" ">
    <subfield code="0">0</subfield>
    <subfield code="1">0</subfield>
    <subfield code="2">ddc</subfield>
    <subfield code="4">0</subfield>
    <subfield code="6">327_549100000000000_SHA</subfield>
    <subfield code="7">0</subfield>
    <subfield code="9">582861</subfield>
    <subfield code="a">CL</subfield>
    <subfield code="b">CL</subfield>
    <subfield code="c">CHIST</subfield>
    <subfield code="d">2022-10-11</subfield>
    <subfield code="e">Donated by China Embassy</subfield>
    <subfield code="l">0</subfield>
    <subfield code="o">327.5491 SHA</subfield>
    <subfield code="p">CL-D-2021</subfield>
    <subfield code="r">2025-07-15</subfield>
    <subfield code="w">2022-10-11</subfield>
    <subfield code="y">BK</subfield>
  </datafield>
</record>
